| 000 | 00653nam a2200205Ia 4500 | ||
|---|---|---|---|
| 003 | GCL | ||
| 008 | 140319s9999 xx 000 0 ara d | ||
| 040 |
_aGCL / _cGCL |
||
| 082 | 0 | 4 |
_a212 _bم س |
| 100 | 1 | _aمحمد الغزالى | |
| 245 | 1 | 0 |
_aالسنة النبوية بين اهل الفقة واهل الحديث / _cمحمد الغزالى |
| 260 |
_aالقاهرة : _bدار الشروق ، _c1989 |
||
| 300 |
_a205 ص ؛ _c24 سم |
||
| 490 | _a | ||
| 650 | 0 | 4 | _aالاسلام |
| 650 | 0 | 4 | _aالتصوف الاسلامى |
| 650 | 0 | 4 | _aالاخلاق الاسلامية |
| 650 | 0 | 4 | _aالاداب الاسلامية |
| 942 |
_2ddc _cBK |
||
| 999 |
_c30898 _d30898 |
||